000 00323 a2200157 4500
001 59961
020 _a9783127687811
040 _cAnchieta - Pituba
100 _aUr, Penny
240 1 0 _a111 kurzrezepte
_lpor
245 1 0 _a111 kurzrezepte
300 _a110
362 0 _a2008
650 4 _aLíngua alemã
942 _cBK
999 _c59961
_d59961